Women's Disc Golf World Champions - Statistics

General Stats
  • This quiz has been taken 17 times
  • The average score is 19 of 42
Answer Stats
Year Champion % Correct
2011 Paige Pierce
100%
2013 Paige Pierce
100%
2015 Paige Pierce
100%
2017 Paige Pierce
100%
2019 Paige Pierce
100%
2025 Ohn Scoggins
86%
2014 Catrina Allen
79%
2021 Catrina Allen
79%
2022 Kristin Tattar
79%
2023 Kristin Tattar
79%
2024 Eveliina Salonen
71%
2007 Valerie Jenkins
71%
2008 Valerie Jenkins
71%
2009 Valerie Jenkins
71%
2016 Valerie Jenkins
71%
1991 Elaine King
57%
1992 Elaine King
57%
1993 Elaine King
57%
1994 Elaine King
57%
1997 Elaine King
57%
2002 Des Reading
36%
2005 Des Reading
36%
2006 Des Reading
36%
1998 Juliana Korver
36%
1999 Juliana Korver
36%
2000 Juliana Korver
36%
2001 Juliana Korver
36%
2003 Juliana Korver
36%
2018 Paige Shue
29%
2012 Sarah Hokom
14%
2010 Sarah Stanhope
14%
1990 Amy Schiller
0%
1995 Becky Powell
0%
1996 Beth Tanner
0%
2004 Birgitta Lagerholm
0%
1988 Chris O'Cleary
0%
1989 Chris O'Cleary
0%
1983 Marie Jackson
0%
1984 Marie Jackson
0%
1985 Ramona Hale
0%
1986 Vanessa Chambers
0%
1987 Vanessa Chambers
0%
No matching quizzes found
Score Distribution
Percent of People with Each Score
Percentile by Number Answered
Your Score History
You have not taken this quiz